கல்லாகவே ஆனாள் : சி. சிவசேகரத்தின் ணெண் விடுதலைக் கவிதைகளின் தொகுப்பு /

Kallagave aanaal...
Saved in:
Bibliographic Details
Format: Book
Language:Sinhalese
Published: உக்குவளை - வவுனியா : பெண் விடுதலைச் சிந்தனை அமைப்பு, 2023.
Tags: Add Tag
No Tags, Be the first to tag this record!

MARC

LEADER 00000nam a22000007a 4500
003 LK-CoNLD
005 20250801120323.0
008 250801b ||||| |||| 00| 0 sin d
017 |b LK-CoDNA 
040 |a LK-CoNLD  |b TAM  |c LK-CoNLD  |d LK-CoNLD 
082 |2 23  |q LK-CoNLD 
245 |6 880-1  |a கல்லாகவே ஆனாள் :  |b  சி. சிவசேகரத்தின் ணெண் விடுதலைக் கவிதைகளின் தொகுப்பு /  |c  சி. சிவசேகரம். 
260 |a உக்குவளை - வவுனியா :  |b  பெண் விடுதலைச் சிந்தனை அமைப்பு,   |c 2023. 
300 |a ப. xii, 48 ; 
880 |6 245-1  |a Kallagave aanaal... 
942 |c BOOK 
945 |a 22  |b Logeshwary RAMASAMY  |c 22  |d Logeshwary RAMASAMY 
999 |c 291735  |d 291735